000 00629nam a22002177a 4500
003 OTs
005 20260601171021.0
008 260520b\\\\\\\\||||||||\||||\00|\0\eng\d
040 _aICI
_bspa
_cICI
_erda
050 _aNK1487
_bM85 2001
245 _aMuji /
_bCatalogue 2001
264 _aFrancia
_c2001
336 _2rdacontent
_atexto
337 _2rdamedia
_asin medio
338 _2rdacarrier
_avolumen
650 _aDiseño industrial
_zJapón
650 _aProductos domésticos
_vCatálogos
_934663
650 _aDiseño de muebles
_zJapón
_934664
650 _aArtículos para el hogar
_xDiseño
_934665
942 _2lcc
_n1
_cB
999 _c20889
_d20889